Marki samochodów na a - Statystyki

Ogólne statystyki
  • Ten quiz został rozwiązany 59 razy
  • Średni wynik to 4 z 9
Statystyki odpowiedzi
Kraj Odpowiedź % Poprawnych
Niemcy Audi
94%
Włochy Alfa Romeo
79%
Wielka Brytania Aston Martin
66%
Japonia Acura
43%
Włochy Abarth
38%
Francja Alpine
28%
Niemcy Alpina
19%
Wielka Brytania Ariel
9%
Polska AGTZ
2%
Nie znaleziono quizów pasujących do podanych kryteriów
Rozkład punktacji
Procent ludzi z każdym wynikiem
Percentyl według liczby udzielonych odpowiedzi
Twoja historia wyników
Nie rozwiązałeś tego quizu